Lão Hạc Tập truyện ngắn
Gardado en:
| Autor Principal: | |
|---|---|
| Formato: | Libro |
| Idioma: | Undetermined |
| Publicado: |
Hà Nội
Văn Học
2018
|
| Những chủ đề: | |
| Các nhãn: |
Engadir etiqueta
Sen Etiquetas, Sexa o primeiro en etiquetar este rexistro!
|
| Thư viện lưu trữ: | Trung tâm Học liệu Trường Đại học Cần Thơ |
|---|
| LEADER | 00593nam a2200217Ia 4500 | ||
|---|---|---|---|
| 001 | CTU_232429 | ||
| 008 | 210402s9999 xx 000 0 und d | ||
| 020 | |c 45000 | ||
| 082 | |a 895.922331 | ||
| 082 | |b N104 | ||
| 100 | |a Nam Cao | ||
| 245 | 0 | |a Lão Hạc | |
| 245 | 0 | |b Tập truyện ngắn | |
| 245 | 0 | |c Nam Cao | |
| 260 | |a Hà Nội | ||
| 260 | |b Văn Học | ||
| 260 | |c 2018 | ||
| 650 | |a Tiểu thuyết Việt Nam,Vieetnamese fiction | ||
| 650 | |y Thế kỷ 20,20th century | ||
| 910 | |a Tuyến | ||
| 980 | |a Trung tâm Học liệu Trường Đại học Cần Thơ | ||